| 000 | 00801nam a2200229 a 4500 | ||
|---|---|---|---|
| 001 | 000013935 | ||
| 003 | DO-SdBNP | ||
| 005 | 20211129093144.0 | ||
| 008 | 091202s2000 dr c 001 e spa d | ||
| 040 |
_aDO-SdBNP _bspa _cBNPHU |
||
| 082 | 4 |
_a972.9325 _bR173m _222 |
|
| 100 | 1 |
_aRamírez, Jesús María _931589 |
|
| 245 | 1 | 0 |
_aMis 43 años en La Descubierta / _cJesús María Ramírez. |
| 260 |
_aSanto Domingo : _bCentenario, _c2000. |
||
| 300 |
_a170 p. : _bretrs. ; _c23 cm. |
||
| 500 | _aIncluye índices | ||
| 504 | _aIncluye referencias bibliográficas y notas al pie de las páginas | ||
| 650 | 4 |
_aCiudades y pueblos _zRepública Dominicana _9784 |
|
| 651 | 4 |
_aLa Descubierta (República Dominicana) _xHistoria local _931590 |
|
| 910 | _aValidado. Control de calidad MFF | ||
| 942 |
_2ddc _cLBS1 |
||
| 999 |
_c13540 _d13540 |
||